000 00408pab a2200145 454500
008 180718b2000 xxu||||| |||| 00| 0 eng d
100 _aFeldman, David Lewis
245 _aPublic confidence in cybersystems: issues and implications for sustainability
260 _c2000
300 _ap.23-42
362 _aJan
650 _aCybernetics
773 _aInternational Political Science Review
909 _a44548
999 _c44548
_d44548